| 000 | 03376nam a2200265 a 4500 | ||
|---|---|---|---|
| 001 | |||
| 003 | DO-SdBNP | ||
| 005 | 20210723101837.0 | ||
| 008 | 181112s2016 dr 000 0 spa d | ||
| 020 | _a9789945167610 | ||
| 040 |
_aBPMSU _bspa _cBPMSU |
||
| 082 |
_a972.93 _bV985v 2016 _222 |
||
| 100 | 1 |
_aVásquez Henríquez, Erasmo, _d1948- |
|
| 245 | 1 | 0 |
_aVisión moderna : _bhistoria dominicana / _cErasmo Vásquez Henríquez. |
| 260 |
_aLa Vega, República Dominicana : _bBúho, _c2016. |
||
| 300 |
_a669 p. ; _c23 cm. |
||
| 500 | _aIncluye datos biográficos del autor en las solapas | ||
| 504 | _aBibliografía : p. 667-669 | ||
| 505 | 0 | _aPrefacio como acto de fe del autor -- De la España Musulmana a la redención cristiana (711-1492) -- Colón : osadía y visión científica sobre los mares y océanos (1451-1506) -- Indios y Antillas en la Prehistoria americana -- Del descubrimiento a la resistencia indígena en La Española (1492-1520) -- Enriquillo entrega militar que inmortalizó el orgullo de su raza (1520-1533) -- Vicisitudes de La Espoñola -- España arrodilla a los pies de Francia la parte Oeste de la isla Española (1697) -- España arrodilla a los pies de Francia la isla entera de La Española (1795) -- Los haitianos vencen la esclavitud y se declaran independientes (1804)-- Juan Sánchez Ramiréz rescata el destino hispánico y emerge como el primer caudillo dominicano (1808-1821) hasta -- El suño que significó la llamada Independencia Efímera (1821-1844) -- La aventurera ocupación haitina y el nacimiento de la patria amada (1822-1844) -- La humillante anexión a España (1861-1863) -- La patria todavía vive en la Guerra Restauradora (1863-1865) -- Entre la Restauración Dominicana y el fin del Siglo XIX (1865-1899) -- Cae Lilís y lustros después, llegarón los yankis a la República Dominicana (1899-1924) -- Cae la democracia con Horacio Vásquez y se levanta la dictadura de Trujillo (1930-1961) -- De la presidencia de Bosch a la segunda ocupación yankis (1962-1965) -- El gobierno de sangre de los 12 años del Dr. Joaquín Balaguer (1966-1978) -- Don Antonio Guzmán Fernández se juaramenta Presidente de la República, y al construir su periodo, toma la infausta decisión de suicidarse (1978-1986) -- El Dr. Salvador Jorge Blanco gobierna durante cuatro años (1982-1986), pero en su contra se instrumenta un juicio históricamente controversial -- El Dr. Joaquín Balaguer es resucitado políticamente, gana las elecciones presidenciales de 1986, golpea juridicamente a Jorge Blanco y gobierna por 10 años más a República Dominicana (1986-1996) -- En su crespúsculo político Balaguer lleva al PLD y a Leonel Fernández al Palacion Nacional, provocando una recomposición en el cuadro pólítico dominicano (1996-200) -- Gobierno de Hipólito Mejía : brillos y turbulencias de su gestión (2000-2004) -- Leonel Fernández vuelve al poder gobierna por 8 años, y establece las bases concretas para una nueva oligarquía en la República Dominicana (2004-2012) --Danilo Medina : elegido Presidente de la República con el apoyo del Caudillo Leonel Fernández, de la tercera oligarquía y disponiendo de los fondos públicos (2012-2016). | |
| 590 | _aInventariado, 2021/VM | ||
| 650 | _a | ||
| 651 | 4 |
_aRepública Dominicana _xHistoria _y1492 - 2016 |
|
| 910 | _aVMateo V | ||
| 942 |
_2ddc _cBK |
||
| 999 |
_c13602 _d13602 |
||